Dassault Private Jets by Picture - Statistics

General Stats
  • This quiz has been taken 21 times
  • The average score is 6 of 8
Answer Stats
Picture Answer % Correct
Falcon 7x
83%
Falcon 8x
83%
Falcon 10
78%
Falcon 20
78%
Falcon 50
78%
Falcon 2000
67%
Falcon 900
67%
Falcon 6x
50%
No matching quizzes found
Score Distribution
Percent of People with Each Score
Percentile by Number Answered
Your Score History
You have not taken this quiz